Housing market renewal areas (Record no. 118183)

MARC details
000 -LEADER
fixed length control field 01638cam a2200301 4500
001 - CONTROL NUMBER
control field ABS68384
008 - FIXED-LENGTH DATA ELEMENTS--GENERAL INFORMATION
fixed length control field 041018n2004 000 0 eng u
035 ## - SYSTEM CONTROL NUMBER
System control number (Sirsi) u127737
245 ## - TITLE STATEMENT
Title Housing market renewal areas
260 ## - PUBLICATION, DISTRIBUTION, ETC.
Date of publication, distribution, etc. 2004
490 ## - SERIES STATEMENT
Series statement Urban Design Quarterly
Volume/sequential designation (92) Autumn 2004, 16-35 (20)
520 ## - SUMMARY, ETC.
Summary, etc. Seven articles focusing on the housing market renewal areas. In "Promoting design quality" CABE's Paul Lavelle outlines the work of the Design Task Group. In "The housing market renewal area pathfinder programme" Martin Crookston reviews the programme's origins and objectives and the role of urban design. Peter O'Brien highlights in "Transforming South Yorkshire" the issues arising in this pathfinder area and Michael Crilly looks at ongoing initiatives on Tyneside in "Newcastle Gateshead pathfinder". Richard Cass underlines the importance of landscape strategy in "The landscape contribution to the housing market renewal process" and Jim Chapman draws conclusions from EDAW's experience in "The housing market renewal process". Concludes with Jim Cox's description of Taylor Young's experience in Birmingham, Sandwell and Hull "Sustainable communities and area development frameworks".
590 ## - LOCAL NOTE (RLIN)
Local note ABS
590 ## - LOCAL NOTE (RLIN)
Local note ABS
650 ## - SUBJECT ADDED ENTRY--TOPICAL TERM
Topical term or geographic name entry element SOUTH YORKSHIRE
650 ## - SUBJECT ADDED ENTRY--TOPICAL TERM
Topical term or geographic name entry element URBAN RENEWAL
650 ## - SUBJECT ADDED ENTRY--TOPICAL TERM
Topical term or geographic name entry element BIRMINGHAM
650 ## - SUBJECT ADDED ENTRY--TOPICAL TERM
Topical term or geographic name entry element HULL
650 ## - SUBJECT ADDED ENTRY--TOPICAL TERM
Topical term or geographic name entry element LANDSCAPE STRATEGY
650 ## - SUBJECT ADDED ENTRY--TOPICAL TERM
Topical term or geographic name entry element GATESHEAD
650 ## - SUBJECT ADDED ENTRY--TOPICAL TERM
Topical term or geographic name entry element PATHFINDER SCHEMES
650 ## - SUBJECT ADDED ENTRY--TOPICAL TERM
Topical term or geographic name entry element DESIGN QUALITY
650 ## - SUBJECT ADDED ENTRY--TOPICAL TERM
Topical term or geographic name entry element DESIGN TASK GROUP
650 ## - SUBJECT ADDED ENTRY--TOPICAL TERM
Topical term or geographic name entry element URBAN DESIGN
650 ## - SUBJECT ADDED ENTRY--TOPICAL TERM
Topical term or geographic name entry element HOUSING MARKET RENEWAL FUND
690 ## - LOCAL SUBJECT ADDED ENTRY--TOPICAL TERM (OCLC, RLIN)
Topical term or geographic name as entry element REGENERATION
942 ## - ADDED ENTRY ELEMENTS (KOHA)
Suppress in OPAC 0
Holdings
Withdrawn status Lost status Source of classification or shelving scheme Damaged status Not for loan Home library Current library Shelving location Date acquired Total Checkouts Full call number Barcode Date last seen Copy number Price effective from Koha item type
    Dewey Decimal Classification     London London Journal article 18/10/2004   ABS68384 127737-1001 06/08/2019 1 06/08/2019 Journal article